MDQL
is popping MORE tags! Check the
thread
!
Quizzes
Events
Quiz Creation
Community
Videos
Private Events
Remove Ads
Sign In
Join for FREE
Feedback
Dark Mode
Quiz Categories
Sports
Geography
Music
Movies
Television
Just For Fun
Miscellaneous
History
Literature
Language
Science
Gaming
Entertainment
Religion
Holiday
For Kids
Quiz Lab
Recent
Popular Today
Quiz Kudos Today
Editor Picks
Curator Picks
Quizzes by...
Day
Popularity
Type
Ratings
Length
Year
Community
Subscriptions
Recent Discussions
Orange Saloon
Badges
Playlists
Quests
Create
Leaderboards
Showdown
Live 5
Trivia Bingo
Activity
Puzzle Library
Sporcle Events
Private Events
Virtual Trivia
Globe League
Become a Host
Pub Owners
SporcleCon
Opinionation
Our Games
Videos
Blog
Mobile Apps
Partnerships
Remove Ads and Go Orange
Feedback
Science
Computer
Plants
Astronomy
Chemistry
Elements
Math
Animal
Physics
Anatomy
Biology
Geology
General Science
Science
Computer
Plants
Astronomy
Chemistry
Elements
Math
Animal
Physics
Anatomy
Biology
Geology
General Science
Random Quiz
Search Sporcle
×
Quiz Lab
Quiz Lab
Science
Chemistry
Type in answers that appear in a list
Type in answers that appear in a list
Classic
Best Score? Go Orange.
'L' Game: Science Edition Stats
Can you name the science terms that start with 'L'?
By
RPendry
8m
53 Questions
254 Plays
254 Plays
254 Plays
Comments
Comments
Give Quiz Kudos
Give Quiz Kudos
-
- Ratings
hide this ad
More Info
Replay
Link that replays current quiz
Next Quiz
Link to next quiz in quiz playlist
You Got
0%
They Got
Avg Score
25%
Avg Friend Score
Upgrade to see
Score Distribution
Jump to the score distribution portion of the page
Score
0/53
Timer
08:00
0
Plays Today
% Correct
Liver
86.5%
Liver (Hepatocellular)
86.5%
Lungs
79%
Lung
79%
Lithium
76.6%
Lambda
56.3%
Lead
54.8%
Lymphoma
54%
Lymph Nodes
52.8%
Lymphatic/Immune
52.8%
Liter (volume)
46.2%
Lanthanum
44.4%
Libra
43.3%
Leo
42.5%
Lawrencium
42.1%
Lutetium
33.7%
Livermorium
32.9%
Larynx
31.3%
Lactose
25.8%
Lepton
23.4%
Lysine
22.2%
Leukemia
20.6%
Lyra
20.2%
Lysosome
18.7%
Leucine
16.7%
Large Intestine
16.3%
Lynx
15.5%
% Correct
Lupus
12.7%
Ligaments
12.3%
Leo Minor
11.9%
Leibniz Rule (general)
11.9%
Lumbar Vertebrae (1-5)
11.5%
Lepus
10.7%
Littoral Zone
10.7%
Lumen (luminous flux)
10.3%
Lacrimal
9.5%
Leutenizing Hormone
9.1%
Lux (luminous emittance)
9.1%
Lacerta
8.3%
Larissa (Neptune)
7.5%
Lens
7.1%
Leptin
7.1%
Leda (Jupiter)
6.7%
Lunate
6.3%
Lateral Cuneiform
6%
Limnology
4.4%
L'Hôpital's Rule
4%
Lipotropin
2.4%
Leukotrienes (various)
2%
Lyxose
2%
Lycophyta/Lycopodiophyta (club mosses)
1.6%
Lamedela (Neptune)
1.6%
Lysithea (Jupiter)
1.6%
Quiz Playlist
Details
Report
Send in Message
Add To Playlist
More Info:
Alternate answers (including ones that do not begin with the letter 'L') may be considered correct, so they may be worth trying!
Classic:
Type in answers that appear in a list
Last Updated: Aug 25, 2017
Quiz Scoreboard
CHALLENGE
Sign Up to Join the Scoreboard
Show All
Scores
Hide
Comments
May contain spoilers
Recently Published
Two Season TV Shows II
by 123Four
Television
10m
Image Sorting: Flags VI
by Barbecue
Geography
2m
Find the 'City' Movie
by crazypaving
Movies
60s
More to Explore
Quiz From the Vault
Featured Blog Post
14 Easter Pick-up Lines to Find Eggs With
hide this ad
You Might Also Like...
Tags
Anatomy Quiz
Astronomy Quiz
Biology Quiz
Chemistry Quiz
Geology Quiz
Math Quiz
Physics Quiz
Earth Science
health
Periodic Elements
Physical Science
Today's Top Quizzes in Science
Browse Science
hide this ad
Today's Top Quizzes in Chemistry
Browse Chemistry
Top Contributed Quizzes in Science
1
Mitosis Sporcle for Escape Room
2
Windmill: Elements
3
200 Vogels in Nederland
4
Glycolysis
5
Elements In Images
6
Periodic Table of Elements by Abbreviations
7
Square Numbers Scrambled (1-50)
8
Quick Pick: 'CI-CJ' Animals
9
4-letter Elementary Words III
10
The First 100 Digits of Pi
Explore More
Trending Topics
Crossword
Anime
Disney
Marvel
NBA
Harry Potter
Kpop
Pokémon
NFL
Puzzle
Song
Country
WWE
Soccer
The Office
hide this ad
More By:
RPendry
Quiz
Plays
Rating
Category
Featured
Created
Bloodiest Battles of WWII
1,544
5.00
History
Feb 16, 2016
'A' Game: Science Edition
358
4.57
Science
Jun 8, 2016
'B' Game: Science Edition
312
4.25
Science
Jun 8, 2016
'S' Game: Science Edition
306
4.00
Science
Jun 14, 2016
'C' Game: Science Edition
272
4.25
Science
Jun 8, 2016
Go to Creator's Profile
Score Distribution
Quiz Creator Spotlight
RPendry
Follow
Send a Message
Quizzes Created
-
Created Quiz Play Count
-
More By This Creator
Popular Quizzes Today
1
Find the US States - No Outlines Minefield
2
Colored Red Africa Blitz
3
Find the 'City' Movie
4
5x2 Blitz: Bands
5
The Countries of the World
6
Find the Countries of Europe - No Outlines Minefield
7
Find the US States
8
US States
More Science Quizzes
Relative Math
Editor's Pick
Trending Quizzes
Colored Red Europe Blitz I
Colored Red Africa Blitz II
Colored Red Europe Blitz II
Even More Two Season TV Shows
Colored Red Africa Blitz III
Recently Updated
March Madness Men's Triple Doubles
pecheneg
How Do You Spell That?
pecheneg
Godzilla Movies
pecheneg
Grab Bag: 4-10 Letters
pecheneg
2024 March Madness Bracket
pecheneg
Famous TV Couples
Peacemaker
Champions League XIs: Real Madrid
pecheneg
Largest US Cities 1790-2010
pecheneg
Rides in Walt Disney World
pecheneg
Most Oscar Losses (Acting)
pecheneg
Trending Topics
Kpop
Anime
NBA
Marvel
Harry Potter
Crossword
Disney
Country
Puzzle
The Office
Soccer
NFL
Song
Pokémon
WWE
Your Account Isn't Verified!
In order to create a playlist on Sporcle, you need to verify the email address you used during registration. Go to your
Sporcle Settings
to finish the process.
Report this User
Report this user for behavior that violates our
Community Guidelines
.
Details:
Send Report
Go to the Sporcle.com Mobile Site →
Comments